Psicobiología de la delincuencia juvenil / (Record no. 120788)

MARC details
000 -LEADER
campo de control de longitud fija 00558nam a2200181 i 4500
001 - NÚMERO DE CONTROL
campo de control 120788
003 - IDENTIFICADOR DE NÚMERO DE CONTROL
campo de control ES-MaACL
005 - FECHA Y HORA DE LA ÚLTIMA TRANSACCIÓN
campo de control 20230906191625.0
007 - CAMPO FIJO DE DESCRIPCIÓN FÍSICA--INFORMACIÓN GENERAL
campo de control de longitud fija t|
008 - DATOS DE LONGITUD FIJA--INFORMACIÓN GENERAL
campo de control de longitud fija 070214s1934 sp |||| | spa d
100 1# - ENTRADA PRINCIPAL--NOMBRE DE PERSONA
Nombre de persona Prados y Such, Miguel.
9 (RLIN) 93646
245 10 - MENCIÓN DEL TÍTULO
Título Psicobiología de la delincuencia juvenil /
Mención de responsabilidad, etc. por M. Prados y Such.
260 ## - PUBLICACIÓN, DISTRIBUCIÓN, ETC.
Lugar de publicación, distribución, etc. Málaga :
Nombre del editor, distribuidor, etc. [s. n.],
Fecha de publicación, distribución, etc. 1934 (
Fabricante Imp. Sur)
300 ## - DESCRIPCIÓN FÍSICA
Extensión 96 p. ;
Dimensiones 23 cm.
500 ## - NOTA GENERAL
Nota general Es suplemento de: Archivos de Neurobiología.
650 04 - PUNTO DE ACCESO ADICIONAL DE MATERIA--TÉRMINO DE MATERIA
Término de materia o nombre geográfico como elemento de entrada Delincuencia juvenil.
9 (RLIN) 135872
852 ## - LOCALIZACIÓN
Ubicación ES-MaACL
Número de control de estantería 1632-F-12
Holdings
Estatus retirado Estado de pérdida Estado de daño No para préstamo Colección Biblioteca de origen Biblioteca actual Ubicación en estantería Fecha de adquisición Fuente de adquisición Total de préstamos Signatura topográfica completa Código de barras Visto por última vez Precio de reemplazo Tipo de ítem Koha
        Colección de folletos Biblioteca del Ateneo de Madrid Biblioteca del Ateneo de Madrid Depósito folletos 17/01/2008     1632-F-12 1125896 23/02/2023 23/02/2023 Folleto